banner-ar

تجارب الاعلام المرئى والمسموع فى اوروبا / (Record no. 64458)

MARC details
000 -الفاتح
حقل البيانات ثابتة الطول 01578nam a22003377a 4500
005 - وقت وتاريخ اخر تعامل مع التسجيلة
رقم الضبط 20240530110732.0
008 - عناصر البيانات ثابتة الطول - معلومات عامة
حقل البيانات ثابتة الطول 180514s2007 ua a g 000 0 ara d
017 ## - رقم الايداع القانونى
المصدر ( الهيئة المختصة) مصر. دار الكتب
رقم الايداع القانونى 2007/14466
040 ## - مصدر الفهرسة
وكالة الفهرسة الأصلية EG-CaGPL
وكالة النسخ EG-CaGPL
082 04 - رقم تصنيف ديوى العشرى
رقم الطبعة 21
رقم التصنيف 001.5094 /
رقم المادة و ت
100 1# - المدخل الرئيسى - إسم شخصى
الإسم الشخصى والد، اندرياس
245 10 - بيان العنوان
العنوان تجارب الاعلام المرئى والمسموع فى اوروبا /
بيان المسئوليه,etc انرياس جرن والد ... [واخ] ؛ تقديم احمد حسو ؛ مراجعة وتحرير الترجمة اشرف راضى ؛ ترجمة حازم سالم ؛ ساهم فى الترجمة عبدالغنى محفوظ
250 ## - بيان الطبعة
بيان الطبعة ط.1
260 ## - PUBLICATION, DISTRIBUTION, ETC. (IMPRINT)
تاريخ النشر أو التوزيع 2007.
300 ## - الوصف المادى
التعداد 423 ص. ؛
أبعاد الوعاء 24 سم.
490 0# - بيان السلسلة
عنوان السلسلة سلسلة قضايا الاصلاح ؛
رقم المجلد/ التعيين التسلسلي 14.
650 07 - المدخل الاضافى بالموضوع-مصطلح موضوعى
مصدر الرأس أو المصطلح qrmak
مصطلح موضوعي وسائل الاعلام
650 07 - المدخل الاضافى بالموضوع-مصطلح موضوعى
مصدر الرأس أو المصطلح qrmak
مصطلح موضوعي الاعلام
التقسيم الفرعي العام فلسفة ونظريات
650 07 - المدخل الاضافى بالموضوع-مصطلح موضوعى
مصدر الرأس أو المصطلح qrmak
مصطلح موضوعي الوعى الاجتماعى
650 07 - المدخل الاضافى بالموضوع-مصطلح موضوعى
مصدر الرأس أو المصطلح qrmak
مصطلح موضوعي الاعلام
التقسيم الفرعي الجغرافي اوربا
651 ## - المدخل الاضافى بالموضوع - اسم جغرافى
مصدر الرأس أو المصطلح qrmak
700 1# - المدخل الاضافى - اسم شخصى
الإسم الشخصى وود، ديقيد
الدور مؤلف مشارك
700 1# - المدخل الاضافى - اسم شخصى
الإسم الشخصى ريبكوفا، ايفا
الدور مؤلف مشارك
700 1# - المدخل الاضافى - اسم شخصى
الإسم الشخصى ثومبسون، مارك
الدور مؤلف مشارك
700 0# - المدخل الاضافى - اسم شخصى
الإسم الشخصى احمد حسو
الدور مقدم
700 0# - المدخل الاضافى - اسم شخصى
الإسم الشخصى اشرف راضى
الدور مراجع ومحرر ومترجم
700 0# - المدخل الاضافى - اسم شخصى
الإسم الشخصى حازم سالم
الدور مترجم
700 0# - المدخل الاضافى - اسم شخصى
الإسم الشخصى عبدالغنى محفوظ
الدور مترجم مشارك
942 ## - عناصر المدخل الإضافي( كوها)
مصدر التصنيف او مخطط الترفيف Dewey Decimal Classification
Koha [default] item type كتاب
260 ## - PUBLICATION, DISTRIBUTION, ETC. (IMPRINT)
-- القاهرة :
-- مركز القاهرة لدراسات حقوق الانسان ،
Holdings
حالة التراجع حالة الفقد حالة تلف ليس للاعارة المكان المؤقت الموقع الحالى موقع الترفيف تاريخ الاكتساب اجمالي اﻻعارات رقم الطلب الباركود تاريخ اخر مشاهدة تاريخ تفعيل السعر نوع وعاء كوها
        مكتبة القاهرة الكبرى مكتبة القاهرة الكبرى القاعة الرئيسية 05/14/2018   001.5094 / و ت 164771 05/14/2018 05/14/2018 كتاب

Powered By

EGPV